000 00526nam a2200181Ia 4500
008 100917s9999 xx 000 0 und d
082 _b14125
100 _aचिपळूणकर विष्णुशास्त्री
245 _aहरिदास गोविंद
260 _b---
_c1807
300 _a75
365 _b0
520 _aकविता
630 _aहरिदास गोविंद
650 _aकविता
730 _aहरिदास गोविंद
942 _cBOOK
999 _c619519
_d619516